Ekonomika sportu vybrané kapitoly II

Uložené v:
Podrobná bibliografia
Hlavný autor: Novotný, Jiří
Korporativný autor: Vysoká škola ekonomická v Praze. Podnikohospodářská fakulta
Médium: Kniha
Jazyk:Czech
Vydavateľské údaje: Praha Vysoká škola ekonomická v Praze. Nakladatelství Oeconomica 2010
Vydanie:2. vyd.
Predmet:
Tagy: Pridať tag
Žiadne tagy, Buďte prvý, kto otaguje tento záznam!

MARC

LEADER 00000nam a2200000 4500
001 0159577
005 20240226134043.4
020 |a 978-80-245-1701-8 
041 0 |a cze 
044 |a CZ 
245 1 0 |a Ekonomika sportu  |b vybrané kapitoly II  |c Jiří Novotný 
250 |a 2. vyd. 
264 1 |a Praha  |b Vysoká škola ekonomická v Praze. Nakladatelství Oeconomica  |c 2010 
300 |a 122 s. 
610 2 0 |a šport 
610 2 0 |a vyjednávanie kolektívne 
610 2 0 |a marketing 
610 2 0 |a manažment 
610 2 0 |a zariadenia mimoškolské 
610 2 0 |a teórie ekonomické 
100 1 |a Novotný, Jiří 
710 2 |a Vysoká škola ekonomická v Praze. Podnikohospodářská fakulta